000 00565nam a2200205Ia 4500
005 20250923144959.0
008 008 250917s9999 xx 000 0 eng d
037 _aTextual
040 _aDSWL
_beng
_cDSWL
041 _aeng
_2eng
084 _aS:86wM23, N62
_qDSWL
100 _aHeimler, Eugene
_9830517
245 2 _aA Link in the Chain
_cby Eugene Heimler
260 _aLondon
_bThe Bodley Head
_c1962
300 _a191 p.
365 _aINR
_b18
925 _g18
942 _cTEXL
_hS:86wM23, N62
999 _c1445637
_d1445637